| 000 | 00545nam a22001697a 4500 | ||
|---|---|---|---|
| 005 | 20241101201755.0 | ||
| 008 | 241101b |||||||| |||| 00| 0 eng d | ||
| 020 | _a9780582437197 | ||
| 050 |
_aKD2139 _b.K43 2003 |
||
| 100 | _aAndrew R. Keay | ||
| 245 |
_aInsolvency Law : _bCorporate and Personal / _cAndrew R. Keay, LLB; MDiv; LLM; PhD ; Peter Walton, LLB |
||
| 260 |
_aUnited Kingdom _bPearson Education Ltd _cC2003 |
||
| 300 |
_axcv, 596 pages _bIndex _c23cm |
||
| 650 | _2Insolvency | ||
| 700 |
_aPeter Walton _eco-author |
||
| 942 |
_2lcc _cBK _n0 |
||
| 999 |
_c546 _d546 |
||